02176nta a2200301 a 4500001001000000003000900010005001700019008004100036040002500077082001800102111009400120245006300214260003500277300005400312500026200366500002800628500003200656500005500688504003200743505076100775650006501536650004301601650005301644650003101697650004201728710005501770710004901825000003877DO-SdBNP20250910095038.0090714s1975 dr a r 001 0 spa d aDO-SdBNPbspacBNPHU a305.42bC568e2 aCiclo de charlas con motivo del Año Internacional de la Mujer (d1975 :cSanto Domingo)14aUna evaluación de la situación de la mujer dominicana. aSanto Domingo :bBNPHU,c1975. a184 h. con numeración repetida :bil. ;c28 cm. a"Programa de las Naciones Unidas para el Desarrollo, reproducción de los trabajos presentados en el ciclo de charlas celebrado en cooperación con la Biblioteca Nacional con motivo del Año Internacional de la Mujer, 18-22 de agosto de 1975."-- Portada. aTextos mecanografiados. aIncluye tabla de contenido. aIncluye datos biográficos de las conferencistas. aBibliografía : p. 15 y 270 aIntegración de la mujer dominicana en los procesos sociales / Ana Silvia Reynoso de Abud -- Aspectos jurídico-político de la mujer dominicana / Margarita Tavares -- La mujer y su participación en el proceso cultural / Jeannette Miller -- La mujer y los medios de comunicación / Norma Santana -- La mujer en el aspecto educactivo -- La mujer y la educación ambiental en República Dominicana / Ivelisse Prats-Ramírez de Perez -- Educación pública / Zoraida Heredia Vda. Suncar / Educación privada / Jacqueline Malagón de Jesús -- La mujer en el proceso productivo -- La mujer en el aspecto laboral / Isis Duarte -- La mujer rural / Amparo Vittini -- Visión y evaluación objetiva de los eventos de México / Marta Olga García. 4aMujeresxCondiciones socialesvCongresos, conferencias, etc. 4aMujeresxCuestiones sociales y morales 4aMujeres en los medios de comunicación de masas 4aMujeresxSituación legal 4aAño internacional de la mujer, 19752 aPrograma de las Naciones Unidas para el Desarrollo2 aBiblioteca Nacional (República Dominicana)